Giaó trình điện đại cương Tập 1
Tĩnh điện: điện tích,điện trường,điện thếnăng lượng điện trường;dòng điện không đổi: những định luật cơ bản của dòng điện,dòng điện trong kim loại,trong chân không,chất khí,chất điện phân
保存先:
| 第一著者: | |
|---|---|
| フォーマット: | 図書 |
| 言語: | Vietnamese |
| 出版事項: |
H.
Giaó dục
1982
|
| 版: | In lần thứ 3,có chỉnh lý |
| 主題: | |
| タグ: |
タグ追加
タグなし, このレコードへの初めてのタグを付けませんか!
|
| Thư viện lưu trữ: | Mạng thư viện Đại học Đà Nẵng |
|---|
| LEADER | 01453nam a2200349 4500 | ||
|---|---|---|---|
| 001 | 000008304 | ||
| 003 | 4490 | ||
| 005 | 20111019151000.0 | ||
| 008 | 111014s1982 viesd | ||
| 041 | 0 | |a vie | |
| 082 | |a 537.01 |b VU-K | ||
| 100 | 0 | |a Vũ Thanh Khiết | |
| 245 | 1 | 0 | |a Giaó trình điện đại cương |c Vũ Thanh Khiết,Nguyễn Thế Khôi,Vũ Ngọc Hồng;biên tập: Lê Hùng |n Tập 1 |
| 250 | |a In lần thứ 3,có chỉnh lý | ||
| 260 | |a H. |b Giaó dục |c 1982 | ||
| 300 | |a 263tr. |b hình vẽ |c 21 cm | ||
| 520 | |a Tĩnh điện: điện tích,điện trường,điện thếnăng lượng điện trường;dòng điện không đổi: những định luật cơ bản của dòng điện,dòng điện trong kim loại,trong chân không,chất khí,chất điện phân | ||
| 653 | |a đại cương | ||
| 653 | |a Điện | ||
| 653 | |a Giáo trình | ||
| 773 | |t Giaó trình điện đại cương |w 4482 | ||
| 910 | |a LÊ THỊ QUỲNH |d 14/10/2011 | ||
| OWN | |a LSP | ||
| AVA | |a UDN50 |b LSP |d 537.01 VU-K |e unavailable |t Error 5002 Not defined in file expand_doc_bib_avail. |f 3 |g 3 |h N |i 0 |k 1 | ||
| 999 | |a From the UDN01 | ||
| AVA | |a UDN50 |b LSP |d 537.01 VU-K |e unavailable |t Error 5002 Not defined in file expand_doc_bib_avail. |f 3 |g 3 |h N |i 0 |k 1 | ||
| TYP | |a Monograph | ||
| TYP | |a Printed language | ||
| 980 | |a Mạng thư viện Đại học Đà Nẵng | ||